Taylor Swift Songs - Sudden Death (Difficult Version) - Statistics

General Stats
  • This quiz has been taken 324 times
  • The average score is 16 of 22
Answers on the Grid
Answers color-coded by a green-red scale on the quiz's grid according to % correct below.
Country Nights
Peter
Cloudshade
We Were Happy
High Infidelity
Woodvale
Girl At Home
Forever Winter
Stay Beautiful
Diary Dreams
Reputation
Cowboy Like Me
Violet Fog
I Wish You Would
Living Legend
Sweet Seasons
Wonderland
Invisible
Timeless
Dreamer
You're Losing Me
Fresh Out The Slammer
Safe & Sound
Saggittarius
I Heart ?
Carolina
King Of My Heart
Ours
Blowing Smoke
Beaches
The Albatross
Sweeter Than Fiction
My Tears Ricochet
Dumb & Poetic
Soon You'll Get Better
 
Answer Stats
Answer % Correct
Peter
85%
High Infidelity
84%
My Tears Ricochet
84%
King Of My Heart
81%
Cowboy Like Me
79%
I Wish You Would
79%
You're Losing Me
79%
Ours
78%
The Albatross
77%
Wonderland
77%
Girl At Home
76%
Soon You'll Get Better
75%
Forever Winter
74%
Fresh Out The Slammer
74%
Safe & Sound
74%
Stay Beautiful
72%
Invisible
71%
We Were Happy
70%
Sweeter Than Fiction
68%
Timeless
68%
Carolina
65%
I Heart ?
52%
No matching quizzes found
Score Distribution
Percent of People with Each Score
Percentile by Number Answered
Your Score History
You have not taken this quiz